000 00294nam a2200121Ia 4500
008 190722s9999 xx 000 0 und d
020 _a978-81-317-1703-5
100 _aAlan Dix Russell
245 0 _aHuman Computer Interaction
260 _aIndia
_bPearson Ed.
_c2004
300 _a834
942 _cBK
999 _c675
_d675